European History & Geography Quiz #2 - Statistics

General Stats
  • This quiz has been taken 64 times
  • The average score is 6 of 10
Answer Stats
Question Answer % Correct
What country owns Greenland? Denmark
100%
What is Germany In German? Deutschland
100%
What European City is also in Asia? Istanbul, Turkey
88%
How many kingdoms make up the UK? 4
75%
How many countries use the Nordic Cross in Europe? 5
75%
Which countries have a dispute over Crimea? Russia & Ukraine
75%
How many European countries have land in its name? 6
38%
How many countries border Liechtenstein? 2
25%
How many microstates are in Europe? 6
25%
What 2 Countries has won Eurovision the most Sweden & Ireland
25%
No matching quizzes found
Score Distribution
Percent of People with Each Score
Percentile by Number Answered
Your Score History
You have not taken this quiz